00533nam a2200193 a 4500001001300000003000900013005001700022008004100039020001000080082001300090100002200103245008000125260003500205300000900240500003500249505001100284650002200295700002200317nice12345678IN_TiNIC20260116011905.0050524s1968 illa grp 000 0 eng  ac10000a223bTAY aTaylor, Kenneth N aLiving Lessons of Life and Loveb Ruth, Esther, Job, Ecclesiastes & Song of aIllinoisbTyndale House c1968 a144p aincludes index and biblioraphy2 aIllus. aWisdom Literature1 aTaylor, Kenneth N